|
|
|
|
| LEADER |
00000csc a2200000 a 4500 |
| 001 |
105548 |
| 003 |
Ucuenca |
| 005 |
20230308213300.0 |
| 008 |
007070|1998 enk|||||r|||||||||||eng|| |
| 020 |
|
|
|a 0 582 40279 4
|
| 040 |
|
|
|b spa
|
| 041 |
0 |
|
|a en
|
| 082 |
0 |
|
|a 813.3
|
| 100 |
1 |
|
|a McCullough, Colleen
|d 1937-
|9 225412
|
| 245 |
|
|
|a The thorn birds
|c Collen McCullough
|h imp
|
| 264 |
|
|
|a Harlow
|b Penguin Readers
|c 1998
|
| 300 |
|
|
|a 87 páginas:
|b ilu
|c 20 cm
|
| 490 |
|
|
|a Penguin Readers
|p Level 6
|
| 650 |
1 |
|
|a Novela estadounidense
|9 5026
|
| 852 |
|
|
|a UC-CDJBV
|f Donación
|l 1
|m General
|p 20070709
|q 4,80
|r 8
|t 105548
|y 260204
|b 0
|d CDRC
|e CDRC
|g 813.3 TERCER PISO
|z 2007-70-70
|
| 942 |
|
|
|c CR
|2 ddc
|r paola.amaya@ucuenca.edu.ec
|
| 999 |
|
|
|c 125003
|d 125003
|